logo

Bir Sreshtho Munshi Abdur Rouf Library
Jhenaidah Cadet College

যশোহর-খুলনার ইতিহাস / (Record no. 2368)

MARC details
000 -LEADER
fixed length control field 00714nam a2200229 a 4500
001 - CONTROL NUMBER
JCCL Control Number 2368
003 - CONTROL NUMBER IDENTIFIER
JCCL marc code BD-JhCC
005 - DATE AND TIME OF LATEST TRANSACTION
control field 20210504134021.0
008 - FIXED-LENGTH DATA ELEMENTS--GENERAL INFORMATION
fixed length control field 171101s2001 bg a|||| ||a| 000 0 ben d
020 ## - INTERNATIONAL STANDARD BOOK NUMBER
International Standard Book Number 8176127663
035 ## - SYSTEM CONTROL NUMBER
system control number (BD-JhCC)2368
040 ## - CATALOGING SOURCE
Original cataloging agency BD-JhCC
Modifying agency BD-JhCC
041 ## - LANGUAGE CODE
Language code of Book ben
082 ## - DEWEY DECIMAL CLASSIFICATION NUMBER
Classification number 954.92
Author mark and Year MIT 2001
100 ## - MAIN ENTRY--PERSONAL NAME
Personal name মিত্র, সতীশচন্দ্র
245 ## - TITLE STATEMENT
Title যশোহর-খুলনার ইতিহাস /
Statement of responsibility, etc সতীশচন্দ্র মিত্র,
260 ## - PUBLICATION, DISTRIBUTION, ETC. (IMPRINT)
Place of publication, distribution, etc কলিকাতা :
Name of publisher, distributor, etc দে'জ পাবলিশিং,
Date of publication, distribution, etc 2001
300 ## - PHYSICAL DESCRIPTION
Pagination 504 p. :
Dimensions 22 cm.
650 ## - SUBJECT ADDED ENTRY--TOPICAL TERM
Topical term or geographic name as entry element Jessore - Khulna
Geographic subdivision Bangladesh
942 ## - ADDED ENTRY ELEMENTS (KOHA)
Source of classification or shelving scheme Dewey Decimal Classification
Koha item type Books
Koha issues (borrowed), all copies 2
Holdings
Source of classification or shelving scheme volume number Damaged status Not for loan Home library Current library Shelving location Source of acquisition Cost, normal purchase price Total Checkouts Full call number Barcode Date last seen Copy number Koha item type Date of accession Date checked out
Dewey Decimal Classification V-1     JCC Rouf Library JCC Rouf Library General Stacks Zahedee Foundation 450.00   954.92 MIT 2001 2601 11/01/2017 C-1 Books    
Dewey Decimal Classification V-2     JCC Rouf Library JCC Rouf Library General Stacks   450.00 2 954.92 MIT 2001 9946 05/17/2021 C-2 Books 02/11/2018 05/11/2021

JCC Library | Contacts | JCC Home

Last Update on 23 September 2017
Copyright @ 2017-2020 JCC Rouf Library
Rouf Library, Jhenidah Cadet College (JCC), Bangladesh